| 000 | 00473nam a2200169Ia 4500 | ||
|---|---|---|---|
| 008 | 230714s9999 xx 000 0 und d | ||
| 041 | _aeng | ||
| 082 |
_a620.1 _bBEE |
||
| 100 | _aBeer F.P. | ||
| 245 |
_aVector Machanics For Engineers _bStatics And Dynamics (In SI Units) |
||
| 250 | _a8th ed. | ||
| 260 |
_c2008 _bTata McGraw-Hill Pub. |
||
| 300 | _a1326 | ||
| 365 |
_cRs. _b525.00 |
||
| 700 | _aBeer F.P. & Johnston E.R. | ||
| 906 |
_dB:723021-Jan-2009 _cALLIED _b3465 |
||
| 999 |
_c195709 _d195709 |
||